Music Acts - H - Statistics

General Stats
  • This quiz has been taken 33 times
  • The average score is 5 of 14
Answer Stats
Hint Answer % Correct
Penny And Me, Mm Bop, Where's The Love Hanson
80%
Alone, These Dreams, Never Heart
70%
What Is Love, Life, Rock My Heart Haddaway
50%
Stop Stop Stop, Bus Stop, I'm Alive Hollies
40%
So You Win Again, Girl Crazy, No Doubt About it Hot Chocolate
37%
Happy Hour, Caravan Of Love, Me And The Farmer Housemartins
33%
Silhouettes, No Milk Today, There's A Kind Of Hush Hermans Hermits
30%
I Thought It Was You, Rockit, You Bet Your Love Herbie Hancock
27%
Boogie Nights, Always And Forever, Jitterbuggin' Heatwave
23%
Kinky Afro, Step On, Stinkin' Thinkin' Happy Mondays
20%
Mirror Man, Love Action, Tell Me When Human League
20%
Play To Win, Temptation, Come Live With Me Heaven 17
17%
Just Like Eddie, Country Boy, You Were There Heinz
13%
John Wayne Is Big Leggy, Holy Joe, Shiny Shiny Haysi Fantayzee
10%
No matching quizzes found
Score Distribution
Percent of People with Each Score
Percentile by Number Answered
Your Score History
You have not taken this quiz